Arquitecto y profesión : cómo dirigir a las personas y organizar el estudio /

Obra en tres volúmenes que, como lo expresa bien el título, se ocupa de cuestiones prácticas del ejercicio de la arquitectura, de la obtención del proyecto al cobro de los honorarios, pasando por el posicionamiento del servicio y la administración del despacho y de la obra, entre otros.

Zapisane w:
Opis bibliograficzny
1. autor: García Muñoz, Gonzalo (autor)
Kolejni autorzy: Dols Juste, Ignacio (autor) (autor)
Format: Książka
Język:hiszpański
Wydane: Barcelona, España : Gustavo Gili, 2006, c2006
Seria:(Proyecto y Gestión)
Hasła przedmiotowe:
Etykiety: Dodaj etykietę
Nie ma etykietki, Dołącz pierwszą etykiete!

MARC

LEADER 00000nam^a2200000^a^4500
001 000263954
005 20250521000000.0
009 20260310110631.39
020 |a 978-84-252-2150-7 
020 |a 978-84-252-2147-7 
037 |a Acervo ITESO - Biblioteca 
041 |a ESP 
082 |a 720. 23  |b GAR V. 2 
100 |a García Muñoz, Gonzalo  |e (autor) 
240 1 1 |a [Arquitecto y profesión] 
245 1 0 |a Arquitecto y profesión :  |b cómo dirigir a las personas y organizar el estudio /  |c G. García Muñoz, I. Dols Juste. 
264 4 |a Barcelona, España :  |b Gustavo Gili,  |c 2006, c2006 
300 |a 174 p. 
336 |a texto  |b txt  |2 rdacontenido 
337 |a sin mediación  |b n  |2 rdamedio 
338 |a volumen  |b nc  |2 rdasoporte 
440 1 |a (Proyecto y Gestión) 
520 |a Obra en tres volúmenes que, como lo expresa bien el título, se ocupa de cuestiones prácticas del ejercicio de la arquitectura, de la obtención del proyecto al cobro de los honorarios, pasando por el posicionamiento del servicio y la administración del despacho y de la obra, entre otros. 
649 |a XX 
650 |a Arquitectos -  |x Tema Principal 
650 |a Arquitectos -  |x Condiciones Económicas 
650 |a Arquitectos -  |x Condiciones Laborales 
650 |a Despachos Profesionales -  |x Administración -  |x Tema Principal 
650 |a Proyecto Arquitectónico -  |x Administración 
650 |a Servicios Profesionales 
650 |a Recursos Humanos -  |x Dirección 
650 |a Organización Administrativa 
650 |a Planeación Administrativa 
650 |a Administración de Obras 
650 |a Administración -  |x Tema Principal 
650 |a Arquitectura -  |x Aspectos Económicos 
700 |a Dols Juste, Ignacio  |e (autor) 
910 |a Fondo General 
920 |a Impresos - Libros 
930 |a Colección General 
905 |a 101 
901 |a 0500145189  |b IT1  |c ACC  |u 20250521 
902 |a https://opac.biblio.iteso.mx/vufind/Record/000263954